[Event "LSS RM-2008-0-00017"]
[Site "LSS email"]
[Date "2008.09.10"]
[Round "?"]
[White "Kireev, Sergey Ivanovich"]
[Black "Morss, Mark F"]
[Result "1-0"]
[WhiteElo "2228"]
[BlackElo "2266"]
[PlyCount "49"]
[EventDate "2008.08.31"]
[EventType "tourn (corr)"]
[EventRounds "6"]
[EventCountry "GER"]
[SourceTitle "Corr 2013"]
[Source "ChessBase"]
[SourceDate "2012.11.12"]
[SourceVersion "1"]
[SourceVersionDate "2012.11.12"]
[SourceQuality "1"]

1. e4 Nf6 2. e5 Nd5 3. d4 d6 4. Nf3 Nb6 5. a4 a5 6. Bb5+ c6 7. Bd3 dxe5 8. dxe5 g6 9. 0-0 Bg7 10. Qe2 0-0 11. h3 Na6 12. Rd1 Qc7 13. Bxa6 Rxa6 14. Nc3 Be6 15. Bf4 Nd5 16. Nxd5 cxd5 17. Nd4 Rc8 18. Rd3 Qd7 19. Qe3 Qc7 20. Rad1 Raa8 21. b3 Rd8 22. Rc3 Qd7 23. Rc5 h5 24. Rb5 Kh7 25. Rd3 1-0

[Event "LSS RM-2008-0-00017"]
[Site "LSS email"]
[Date "2008.09.10"]
[Round "?"]
[White "Salzmann, Stefan"]
[Black "Morss, Mark F"]
[Result "1/2-1/2"]
[WhiteElo "2239"]
[BlackElo "2266"]
[PlyCount "49"]
[EventDate "2008.08.31"]
[EventType "tourn (corr)"]
[EventRounds "6"]
[EventCountry "GER"]
[SourceTitle "Corr 2013"]
[Source "ChessBase"]
[SourceDate "2012.11.12"]
[SourceVersion "1"]
[SourceVersionDate "2012.11.12"]
[SourceQuality "1"]

1. e4 Nf6 2. e5 Nd5 3. d4 d6 4. Nf3 Bg4 5. Be2 e6 6. 0-0 Be7 7. c4 Nb6 8. Nc3 0-0 9. Be3 a6 10. b3 d5 11. c5 Nc8 12. Ne1 Bxe2 13. Qxe2 Qd7 14. Nd3 f5 15. b4 Nc6 16. Qd2 N8a7 17. a4 f4 18. Nxf4 Nxb4 19. a5 Nbc6 20. Rfb1 Nb5 21. Nxb5 axb5 22. Rxb5 Nxd4 23. Bxd4 Qxb5 24. Nxe6 Qc6 25. Nxf8 1/2-1/2

[Event "LSS ZH-2008-0-00209"]
[Site "LSS email"]
[Date "2008.09.06"]
[Round "?"]
[White "Morss, Mark F"]
[Black "Bancevich, Sergey Stanislavov"]
[Result "1/2-1/2"]
[WhiteElo "2266"]
[BlackElo "2221"]
[PlyCount "48"]
[EventDate "2008.09.05"]
[EventType "match (corr)"]
[EventRounds "2"]
[EventCountry "GER"]
[SourceTitle "Corr 2013"]
[Source "ChessBase"]
[SourceDate "2012.11.12"]
[SourceVersion "1"]
[SourceVersionDate "2012.11.12"]
[SourceQuality "1"]

1. d4 d5 2. c4 e6 3. Nc3 Be7 4. Nf3 Nf6 5. Qc2 c5 6. dxc5 Na6 7. Bg5 Nxc5 8. cxd5 exd5 9. e3 0-0 10. Bd3 Nxd3+ 11. Qxd3 Be6 12. 0-0 Qb6 13. b3 Rac8 14. Rac1 Qa5 15. a4 h6 16. Bxf6 Bxf6 17. Nd4 Qb6 18. Nce2 Rxc1 19. Rxc1 Rc8 20. Rxc8+ Bxc8 21. h3 Qc5 22. Qb5 Qd6 23. Nf3 a6 24. Qd3 Be6 1/2-1/2

[Event "LSS OP-2008-0-00585"]
[Site "LSS email"]
[Date "2008.07.28"]
[Round "?"]
[White "Kizima, Satoshi"]
[Black "Morss, Mark F"]
[Result "0-1"]
[WhiteElo "1061"]
[BlackElo "2013"]
[PlyCount "38"]
[EventDate "2008.07.26"]
[EventType "tourn (corr)"]
[EventRounds "4"]
[EventCountry "GER"]
[SourceTitle "Corr 2013"]
[Source "ChessBase"]
[SourceDate "2012.11.12"]
[SourceVersion "1"]
[SourceVersionDate "2012.11.12"]
[SourceQuality "1"]

1. e4 Nf6 2. Nc3 d5 3. exd5 Nxd5 4. Bb5+ c6 5. Ba4 Nxc3 6. bxc3 e5 7. Nf3 Bd6 8. d4 exd4 9. cxd4 Qa5+ 10. c3 0-0 11. Bc2 Qxc3+ 12. Bd2 Qc4 13. Ng5 Re8+ 14. Be3 Bb4+ 15. Qd2 Bxd2+ 16. Kxd2 h6 17. Nf3 Na6 18. Kc1 Bf5 19. Nd2 Qxc2# 0-1

[Event "LSS OP-2008-0-00585"]
[Site "LSS email"]
[Date "2008.07.28"]
[Round "?"]
[White "Morss, Mark F"]
[Black "Evans, Stanley W"]
[Result "1-0"]
[WhiteElo "2013"]
[BlackElo "1192"]
[PlyCount "21"]
[EventDate "2008.07.26"]
[EventType "tourn (corr)"]
[EventRounds "4"]
[EventCountry "GER"]
[SourceTitle "Corr 2013"]
[Source "ChessBase"]
[SourceDate "2012.11.12"]
[SourceVersion "1"]
[SourceVersionDate "2012.11.12"]
[SourceQuality "1"]

1. d4 Nf6 2. c4 Nc6 3. Nc3 e5 4. d5 Ne7 5. Nf3 Ng6 6. h4 h5 7. e3 Bb4 8. Bd2 a6 9. Bd3 Qe7 10. Ng5 d6 11. Qa4+ 1-0

[Event "LSS OP-2008-0-00585"]
[Site "LSS email"]
[Date "2008.07.28"]
[Round "?"]
[White "Siger, Imre Csaba"]
[Black "Morss, Mark F"]
[Result "1/2-1/2"]
[WhiteElo "2034"]
[BlackElo "2013"]
[PlyCount "49"]
[EventDate "2008.07.26"]
[EventType "tourn (corr)"]
[EventRounds "4"]
[EventCountry "GER"]
[SourceTitle "Corr 2013"]
[Source "ChessBase"]
[SourceDate "2012.11.12"]
[SourceVersion "1"]
[SourceVersionDate "2012.11.12"]
[SourceQuality "1"]

1. e4 Nf6 2. e5 Nd5 3. d4 d6 4. Nf3 Nb6 5. a4 a5 6. Nc3 g6 7. exd6 cxd6 8. Bb5+ Bd7 9. h4 h6 10. Bf4 Bg7 11. 0-0 0-0 12. Qd2 Kh7 13. Bd3 Nc6 14. h5 Nb4 15. Be4 d5 16. Bd3 Nxd3 17. hxg6+ fxg6 18. cxd3 e6 19. Rfc1 Nc8 20. Ra3 Ne7 21. Rb3 g5 22. Be5 Rxf3 23. gxf3 Nf5 24. Nb5 Kg6 25. Kh1 1/2-1/2

[Event "LSS SM-2008-0-00016"]
[Site "LSS email"]
[Date "2008.05.30"]
[Round "?"]
[White "Janosi, Ervin"]
[Black "Morss, Mark F"]
[Result "1-0"]
[WhiteElo "2215"]
[BlackElo "2270"]
[PlyCount "67"]
[EventDate "2008.05.23"]
[EventType "tourn (corr)"]
[EventRounds "6"]
[EventCountry "GER"]
[SourceTitle "Corr 2011"]
[Source "ChessBase"]
[SourceDate "2010.08.31"]
[SourceVersion "1"]
[SourceVersionDate "2010.08.31"]
[SourceQuality "1"]

1. e4 Nf6 2. e5 Nd5 3. d4 d6 4. Nf3 Bg4 5. Be2 c6 6. c4 Nb6 7. Qb3 N8d7 8. exd6 exd6 9. 0-0 Be7 10. h3 Bf5 11. Bd3 Bxd3 12. Qxd3 0-0 13. Nc3 Re8 14. Re1 Nf6 15. a4 d5 16. c5 Nbd7 17. b4 b6 18. Bf4 bxc5 19. bxc5 Nf8 20. Rab1 Ne6 21. Bh2 Qa5 22. Re3 Rad8 23. Rb7 Ne4 24. Nxe4 dxe4 25. Qxe4 Qxa4 26. Bd6 Bf6 27. Qb1 Ra8 28. Rb4 Qa6 29. Qb2 Qc8 30. Ne5 a5 31. Rb6 Bxe5 32. dxe5 Rd8 33. Re4 g5 34. Qc2 1-0

[Event "LSS SM-2008-0-00016"]
[Site "LSS email"]
[Date "2008.05.30"]
[Round "?"]
[White "Morss, Mark F"]
[Black "Shpakovsky, Aleksandr Nikolaevi"]
[Result "1/2-1/2"]
[WhiteElo "2270"]
[BlackElo "2204"]
[PlyCount "47"]
[EventDate "2008.05.23"]
[EventType "tourn (corr)"]
[EventRounds "6"]
[EventCountry "GER"]
[SourceTitle "Corr 2011"]
[Source "ChessBase"]
[SourceDate "2010.08.31"]
[SourceVersion "1"]
[SourceVersionDate "2010.08.31"]
[SourceQuality "1"]

1. d4 Nf6 2. c4 e6 3. Nc3 Bb4 4. a3 Bxc3+ 5. bxc3 c5 6. e3 Nc6 7. Bd3 0-0 8. Ne2 b6 9. e4 Ne8 10. 0-0 Ba6 11. f4 Na5 12. f5 f6 13. Nf4 cxd4 14. Qh5 Bxc4 15. Bxc4 Nxc4 16. Rf3 exf5 17. Rh3 h6 18. Ng6 Rf7 19. Bxh6 gxh6 20. Qxh6 Rg7 21. Qh8+ Kf7 22. Qf8+ Kxg6 23. Rf1 Ncd6 24. Rg3+ 1/2-1/2

[Event "LSS SM-2008-0-00016"]
[Site "LSS email"]
[Date "2008.05.29"]
[Round "?"]
[White "Morss, Mark F"]
[Black "Bernal Varela, Nelson"]
[Result "0-1"]
[WhiteElo "2270"]
[BlackElo "2206"]
[PlyCount "72"]
[EventDate "2008.05.23"]
[EventType "tourn (corr)"]
[EventRounds "6"]
[EventCountry "GER"]
[SourceTitle "Corr 2013"]
[Source "ChessBase"]
[SourceDate "2012.11.12"]
[SourceVersion "1"]
[SourceVersionDate "2012.11.12"]
[SourceQuality "1"]
[WhiteTeam "US of America"]
[BlackTeam "US of America"]
[WhiteTeamCountry "USA"]
[BlackTeamCountry "USA"]

1. d4 Nf6 2. c4 e6 3. Nc3 Bb4 4. f3 d5 5. a3 Bxc3+ 6. bxc3 0-0 7. cxd5 exd5 8. e3 b6 9. Bd3 Ba6 10. Ne2 c5 11. 0-0 Re8 12. Ng3 Bxd3 13. Qxd3 Nc6 14. Ra2 Qd7 15. Re2 h5 16. Bb2 Rad8 17. Nf5 g6 18. Nh4 Re6 19. g3 Rde8 20. Rfe1 Nh7 21. c4 dxc4 22. Qxc4 cxd4 23. exd4 Rxe2 24. Rxe2 Rxe2 25. Qxe2 Qd5 26. Kf2 Nf8 27. f4 Nxd4 28. Qd3 Nfe6 29. Ke3 g5 30. fxg5 Qxg5+ 31. Kf2 Qc5 32. Qc3 Qxc3 33. Bxc3 Nb5 34. Bb2 Nd6 35. Ke2 Kf8 36. Bc3 a5 0-1